Bơ Thi cái chết được hồi sinh (Lễ bỏ mả và nhà Mồ Tây Nguyên) Nghiên cứu

Đã lưu trong:
書目詳細資料
主要作者: Ngô, Văn Doanh
格式: 圖書
語言:Vietnamese
出版: Hà Nội Hội Nhà văn 2018
主題:
標簽: 添加標簽
沒有標簽, 成為第一個標記此記錄!
Thư viện lưu trữ: Trung tâm Học liệu Lê Vũ Hùng, Trường Đại học Đồng Tháp
LEADER 01026pam a22002538a 4500
001 00044362
005 20190708150746.0
008 170830s2017 ||||||viesd
020 # # |a 978 604 972 153 3  |c 0 
041 0 # |a vie 
082 1 4 |a 393.095 976  |b B460TH 
100 1 # |a Ngô, Văn Doanh 
245 1 0 |b Nghiên cứu  |c Ngô Văn Doanh  |a Bơ Thi cái chết được hồi sinh (Lễ bỏ mả và nhà Mồ Tây Nguyên) 
260 # # |a Hà Nội  |c 2018  |b Hội Nhà văn 
300 # # |a 321 tr.  |c 21 cm. 
500 # # |a ĐTTS ghi: Liên hiệp các hội văn học nghệ thuật Việt Nam. Hội văn học nghệ thuật các dân tộc thiểu số Việt Nam 
653 # # |a Dân tộc Ba Na 
653 # # |a Dân tộc Gia Rai 
653 # # |a Tây Nguyên 
653 # # |a Việt Nam 
653 # # |a Văn hoá cổ truyền 
852 # # |j KD.0026031 
910 # # |d 8/7/2019 
980 # # |a Trung tâm Học liệu Lê Vũ Hùng, Trường Đại học Đồng Tháp